000 00694 a2200217 4500
005 20260410125424.0
008 260410b |||||||| |||| 00| 0 eng d
020 _a978-93-7033-755-8
037 _cTB
040 _aAL
_cAL
041 _2eng
_aeng
084 _aU.25263.g7H R5
_qAL
100 _aFlueckiger, Joyce Burkhalter
_9856181
245 _aOn mullinar hill: memory, movement, and belonging in a himalayan hill station
260 _aDelhi, India:
_bPrimus Books,
_c2025.
300 _a337p.
365 _b2450.00
_cINR
650 _aGeography
942 _cTB
_2CC
_hU.25263.g7H R5
999 _c1466291
_d1466291